Parasitismo y subversión en América Latina /

Guardado en:
Autor Principal: Andresky, Stanislav.
Formato: Libro
Idioma:Spanish
Publicado: Buenos Aires : Americana, 1967.
Series:Testimonios de nuestro tiempo
Materias:
Etiquetas: Agregar Etiqueta
Sin Etiquetas, Sea el primero en etiquetar este registro!
LEADER 00555nam a22001815a 4500
001 EUN.um000607
003 AR-BaUNS
005 20050623122849.0
008 041125s1967####ag############000#0#spa#d
245 1 0 |a Parasitismo y subversión en América Latina /  |c Stanislav Andresky. 
260 |a Buenos Aires :  |b Americana,  |c 1967. 
300 |a 390 p. 
490 0 |a Testimonios de nuestro tiempo 
100 1 |a Andresky, Stanislav. 
082 0 4 |a 323.2 
653 |a Revoluciones 
653 |a Violencia politica 
859 |a Ar-BaUNS  |b BIB. CENTRAL - Sector C  |h 323.2  |i An25  |p 100861/992